Primeranosť súčasnej právnej úpravy trestného konania proti mladistvým v Slovenskej republike v súvislosti so vzrastajúcou kriminalitou mládeže

Právne predpisy vzťahujúce sa na trestné konanie proti mladistvým na území SR z historického pohľadu. Trestný zákon č. 300/2005 Z.z. a trestný poriadok č. 301/2005 Z.z. Porovnanie vybraných otázok trestného konania proti mladistvým. Súdy mladých a sudcovia mladých. Hranica trestnej zodpovednosti. Pr...

Description complète

Enregistré dans:
Détails bibliographiques
Auteur principal: Luprichová, Petronela
Format: Chapitre de livre
Langue:slovaque
Sujets:
Tags: Ajouter un tag
Pas de tags, Soyez le premier à ajouter un tag!

MARC

LEADER 00000naa$a2200000$$$4500
001 0092680
005 20240502083235.7
041 0 |a slo 
044 |a CZ 
245 1 0 |a Primeranosť súčasnej právnej úpravy trestného konania proti mladistvým v Slovenskej republike v súvislosti so vzrastajúcou kriminalitou mládeže  |c Petronela Luprichová 
520 |a Právne predpisy vzťahujúce sa na trestné konanie proti mladistvým na území SR z historického pohľadu. Trestný zákon č. 300/2005 Z.z. a trestný poriadok č. 301/2005 Z.z. Porovnanie vybraných otázok trestného konania proti mladistvým. Súdy mladých a sudcovia mladých. Hranica trestnej zodpovednosti. Právne predpisy a ich aplikácia v praxi. Otázka rozumovej a mravnej vyspelosti mladistvých. 
610 2 0 |a právo 
610 2 0 |a predpisy právne 
610 2 0 |a legislatíva 
610 2 0 |a mládež 
610 2 0 |a mladiství 
610 2 0 |a kriminalita 
610 2 0 |a činnosť trestná 
610 2 0 |a súdnictvo 
100 1 |a Luprichová, Petronela